000 00368nam a22001337a 4500
082 _a297
_bEAT
_cL-31,P-93
100 _aEaton, Gai
_928517
245 _aIslam and the Destiny of man /
_cGai, Eaton
260 _aAustralia
_bGeorge Allen & Unwin Pvt Ltd,
_c1985.
300 _a242
526 _a0
_b0
_c0
_d297_000000000000000_EAT
650 _aMCE
_9379
942 _2ddc
_cBK
999 _c546669
_d546669